000 01185naa a22003017a 4500
001 BR9101783
003 BR-BrBNA
005 20250721155400.0
007 ta
008 250630b bl.|||m| |||| 00| 0 por d
040 _aBR-BrBNA
_bpor
_cBiblioteca Nacional de Agricultura
041 _a(Pt)
072 _aF50
_b1121
090 _aF50 BR9101783
100 1 _aKirchner, F.F.
100 1 _aLozoya, J.C.R.
100 1 _aOhlson, J.C.
111 1 _a1. Encontro Nacional de Pesquisadores em Palmito
_cCuritiba, PR (Brazil)
_d26-28 May 1987
245 1 _aAspectos quantitativos na estimativa do peso e distribuicao por classe de qualidade do palmito (Euterpe edulis, Mart.)
500 _aAnais do 1. Encontro Nacional de Pesquisadores em Palmito Curitiba, PR (Brasil): 1987. p. 119-124 (BR9101783-AMS)
773 0 _tAnais do 1. Encontro Nacional de Pesquisadores em Palmito
_wF50 BR9101783
_gCuritiba, PR (Brasil), 1987. p. 119-124
650 _aPALMITO
650 _aPESO
650 _aANALISE QUALITATIVA
490 _aDocumentos - Centro Nacional de Pesquisa de Florestas (Brazil)
_vNo. 19
_xISSN 0101-7691
942 _cAMS
_2AGRIS
909 _a202506
_bLúcia
_c55
_dLúcia Elande
999 _c336187
_d336187